Municípios da Região Metropolitana de Belo Horizonte (MG) no mapa - Statistics

Estatísticas Gerais
  • Esse quiz foi jogado 754 vezes
  • A pontuação média é 22 de 50
Respostas no mapa
Respostas codificadas por cores de uma escala verde-vermelha no mapa do quiz de acordo com a % correta abaixo.
 
Estatísticas das Respostas
Município % Correto
Belo Horizonte
96%
Betim
94%
Contagem
94%
Nova Lima
79%
Ribeirão das Neves
77%
Santa Luzia
74%
Sete Lagoas
71%
Brumadinho
70%
Sabará
69%
Ibirité
67%
Vespasiano
67%
Confins
64%
Lagoa Santa
57%
Esmeraldas
52%
Caeté
50%
Itabirito
50%
Sarzedo
49%
Pedro Leopoldo
48%
Igarapé
45%
Pará de Minas
44%
Raposos
44%
Matozinhos
43%
Mateus Leme
42%
Jaboticatubas
40%
Rio Acima
40%
São Joaquim de Bicas
38%
Itaúna
36%
Barão de Cocais
35%
Mário Campos
35%
São José da Lapa
35%
Juatuba
34%
Moeda
33%
Florestal
32%
Baldim
31%
Santa Bárbara
31%
Taquaraçu de Minas
31%
Nova União
29%
Belo Vale
27%
Bonfim
26%
Capim Branco
26%
Itaguara
26%
Rio Manso
24%
Funilândia
23%
Prudente de Morais
23%
Fortuna de Minas
22%
Itatiaiuçu
22%
São Gonçalo do Rio Abaixo
22%
Inhaúma
18%
Bom Jesus do Amparo
17%
São José da Varginha
17%
Nenhum quiz correspondente encontrado
Distribuição das Pontuações
Porcentagem de Pessoas com Cada Pontuação
Percentil de Números Respondidos
Sua Pontuação Histórica
Você não jogou esse quiz